Aegis rubber engineering : Versatility and flexibility in short-run engineering components (Record no. 53899)

MARC details
000 -LEADER
fixed length control field 00372nam a2200121Ia 4500
100 ## - MAIN ENTRY--AUTHOR NAME
Personal name Cain Maurice
245 #0 - TITLE STATEMENT
Title Aegis rubber engineering : Versatility and flexibility in short-run engineering components
260 ## - PUBLICATION, DISTRIBUTION, ETC. (IMPRINT)
Name of publisher Rubber International Magazine
Year of publication 2003
300 ## - PHYSICAL DESCRIPTION
Number of Pages 69-76
650 ## - SUBJECT ADDED ENTRY--TOPICAL TERM
Topical Term Rubber engineering
942 ## - ADDED ENTRY ELEMENTS (KOHA)
Koha item type Journals
Holdings
Withdrawn status Lost status Damaged status Not for loan Home library Current library Shelving location Date acquired Serial Enumeration / chronology Koha item type
      Journals RRII Library RRII Library Rubber chemistry 23/04/2003 Volume 5, Issue 2 Journals